The developing human : (رقم التسجيلة. 30153)

تفاصيل مارك
000 -الفاتح
حقل البيانات ثابتة الطول 01146cam a2200349 a 4500
001 - رقم الضبط
رقم الضبط 16801358
003 - محدد رقم الضبط
رقم الضبط OSt
005 - وقت وتاريخ اخر تعامل مع التسجيلة
رقم الضبط 20170804155311.0
008 - عناصر البيانات ثابتة الطول - معلومات عامة
حقل البيانات ثابتة الطول 110526s2013 paua b 001 0 eng
010 ## - رقم ضبط مكتبة الكونجرس
رقم ضبط مكتبة الكونجرس 2011022743
020 ## - الرقم الدولى المعيارى للكتب
الرقم الدولى المعيارى للكتاب 9780323313384
035 ## - رقم ضبط النظام
رقم ضبط النظام (DNLM)101561564
040 ## - مصدر الفهرسة
وكالة الفهرسة الأصلية DNLM/DLC
وكالة النسخ DLC
وكالة التعديل DLC
042 ## - رمز التحقق
رمز التحقق pcc
050 00 - رقم طلب مكتبة الكونجرس
رقم التصنيف QM601
رقم المادة .M76 2013
060 10 - رقم الطلب بالمكتبة الطبية الوطنية
رقم التصنيف QS 604
082 00 - رقم تصنيف ديوى العشرى
رقم التصنيف 612.64018 MKD
رقم الطبعة 23
100 1# - المدخل الرئيسى - إسم شخصى
الإسم الشخصى Moore, Keith L.
9 (RLIN) 16122
245 14 - بيان العنوان
العنوان The developing human :
بقية العنوان clinically oriented embryology /
بيان المسئوليه,etc Keith L. Moore, T.V.N. Persaud, Mark G. Torchia.
250 ## - بيان الطبعة
بيان الطبعة 9th ed.
260 ## - PUBLICATION, DISTRIBUTION, ETC. (IMPRINT)
مكان الناشر او الموزع Philadelphia, PA :
اسم الناشر او الموزع Saunders/Elsevier,
تاريخ النشر أو التوزيع c2013.
300 ## - الوصف المادى
التعداد xix, 540 p. :
تفاصيل ماديه اخرى للوعاء ill. (chiefly col.) ;
أبعاد الوعاء 28 cm.
504 ## - تبصرة ببليوجرافية
تبصرة ببليوجرافية,الخ Includes bibliographical references and index.
650 #0 - المدخل الاضافى بالموضوع-مصطلح موضوعى
مصطلح موضوعي أو اسم جغرافي كعنصر مدخل Embryology, Human.
9 (RLIN) 58578
650 #0 - المدخل الاضافى بالموضوع-مصطلح موضوعى
مصطلح موضوعي أو اسم جغرافي كعنصر مدخل Abnormalities, Human.
9 (RLIN) 58579
650 12 - المدخل الاضافى بالموضوع-مصطلح موضوعى
مصطلح موضوعي أو اسم جغرافي كعنصر مدخل Embryology.
9 (RLIN) 58580
700 1# - المدخل الاضافى - اسم شخصى
الإسم الشخصى Persaud, T. V. N.
9 (RLIN) 16126
700 1# - المدخل الاضافى - اسم شخصى
الإسم الشخصى Torchia, Mark G.
9 (RLIN) 16127
906 ## - عنصر بيانات محلى F, LDF (RLIN)
a 7
b cbc
c orignew
d 1
e ecip
f 20
g y-gencatlg
942 ## - عناصر المدخل الإضافي( كوها)
مصدر التصنيف او مخطط الترفيف Dewey Decimal Classification
Koha [default] item type كتاب
المقتنيات
حالة الفقد نموذج السعر الفعال حالة تلف ليس للاعارة رقم الطلب رقم النسخة تاريخ الاكتساب الموقع الحالي الباركود الفرع الرئيسي Date last checked out Date last seen نوع المادة فى نظام كوها مصدر التصنيف او خطة الترفيف Total Checkouts مُعار
  2013-06-25   Not For Loan 612.64018 MKD 1 2013-06-25 المكتبة المركزية بالمجمعة (CL) 00307086 المكتبة المركزية بالمجمعة (CL) 2017-09-27 2017-11-19 كتاب Dewey Decimal Classification 1  
  2013-06-25     612.64018 MKD 2 2013-06-25 المكتبة المركزية بالمجمعة (CL) 00307087 المكتبة المركزية بالمجمعة (CL) 2015-09-16 2015-10-08 كتاب Dewey Decimal Classification 1  
  2013-06-25     612.64018 MKD 3 2013-06-25 المكتبة المركزية بالمجمعة (CL) 00307088 المكتبة المركزية بالمجمعة (CL) 2021-10-05 2021-11-01 كتاب Dewey Decimal Classification 1  
  2018-08-17     612.64018 MKD   2018-08-17 مكتبة كلية التربية بالزلفى - طالبات (EZF) 00657046 مكتبة كلية التربية بالزلفى - طالبات (EZF)   2018-08-17 كتاب Dewey Decimal Classification    
  2018-08-17     612.64018 MKD   2018-08-17 مكتبة كلية التربية بالزلفى - طالبات (EZF) 00657047 مكتبة كلية التربية بالزلفى - طالبات (EZF)   2018-08-17 كتاب Dewey Decimal Classification    
  2018-09-04     612.64018 MKD   2018-09-04 مكتبة كلية العلوم الطبية التطبيقية بالمجمعة - طالبات (AMF) 00657728 مكتبة كلية العلوم الطبية التطبيقية بالمجمعة - طالبات (AMF) 2024-09-03 2024-09-03 كتاب Dewey Decimal Classification 1 2024-10-03
  2018-09-04     612.64018 MKD   2018-09-04 مكتبة كلية العلوم الطبية التطبيقية بالمجمعة - طالبات (AMF) 00657729 مكتبة كلية العلوم الطبية التطبيقية بالمجمعة - طالبات (AMF)   2018-09-04 كتاب Dewey Decimal Classification    
  2017-08-04     612.64018 MKD   2017-08-04 مكتبة مجمع الكليات بالزلفى - طلاب (SZM) 00656262 مكتبة مجمع الكليات بالزلفى - طلاب (SZM)   2017-08-04 كتاب Dewey Decimal Classification    
  2017-08-04     612.64018 MKD   2017-08-04 مكتبة مجمع الكليات بالزلفى - طلاب (SZM) 00656263 مكتبة مجمع الكليات بالزلفى - طلاب (SZM)   2017-08-04 كتاب Dewey Decimal Classification